| 000 | 00774nam1a22002411i 4500 | ||
|---|---|---|---|
| 001 | rc\4500665 | ||
| 005 | 20260406065438.0 | ||
| 035 | _a(NLR Aleph) 008613058 | ||
| 090 |
_a8775681 _c8775681 |
||
| 100 | _a20130416d1959 |||y0rusy50 ca | ||
| 101 | 0 | _arus | |
| 102 | _aRU | ||
| 105 | _ay z ||||| | ||
| 200 | 1 |
_aОткрытая книга _eТрилогия _eЧ. 1- |
|
| 210 |
_a[Москва] _cМол. гвардия _d1959 |
||
| 215 | _d23 | ||
| 606 |
_aМикробиология (х. л.) _2psbo |
||
| 606 |
_aВрачи (х. л.) _2psbo |
||
| 700 | 1 |
_8rus _7ca _aКаверин _bВ. А. _f1902-1989 _gВениамин Александрович _3RU\NLR\auth\7725154 _98203 |
|
| 801 | 0 |
_aRU _bNLR _gpsbo |
|
| 801 | 1 |
_aRU _bELAR _2rusmarc |
|
| 852 |
_aNLR _j59-5/2820 |
||
| 942 | _cBOOK | ||